000
00318nam a22001217a 4500
008
160506b xxu||||| |||| 00| 0 eng d
020
_a
9781550092134
020
_a
1550092138
041
_a
eng
080
_a
61
245
_a
Cancer medicine;
_c
Donald W.Kufe MD;Paphael E.Pollock;Palph R. Weichselbaum;
942
_2
udc
_c
BK
999
_c
1843
_d
1843